000 00985nam a2200229 4500
001 144077
003 ES-MaACL
005 20230906200934.0
007 t|
008 070214s1962 sp r ||||1| spa d
100 1 _aSimonin, C.
_9106578
245 1 0 _aMedicina legal judicial /
_cpor C. Simonin ; traducción de la tercera edición francesa por el doctor G. L. Sánchez Maldonado ; prólogo del doctor M. Sales-Vázquez ; apéndice sobre legislación española por Eugenio Hernández Linares y Luis Sabatés Sans.
260 _aBarcelona :
_bJims,
_c1962 (
_fImp. Casa Provincial de Caridad)
300 _aXXXI, 1154 p. :
_bil. ;
_c23 cm.
500 _aTít. orig.: Médecine légale judiciaire.
700 1 _aSánchez Maldonado, Gabriel L.
_9102744
700 1 _aSales Vázquez, Miguel.
_9101887
700 1 _aHernández Linares, Eugenio.
_962979
700 1 _aSabatés Sans, Luis.
_9101182
740 0 _aMédecine légale judiciaire.
852 _aES-MaACL
_jC-21650
_bR.50318
999 _c144077
_d144077